Zákon o úpravě vlastnických vztahů k půdě a jinému zemědělskému majetku S komentářem
Salvato in:
| Natura: | Libro |
|---|---|
| Lingua: | ceco |
| Pubblicazione: |
Ostrava
Montanex
[1990]
|
| Edizione: | 1. vyd. |
| Soggetti: | |
| Tags: |
Nessun Tag, puoi essere il primo ad aggiungerne!!
|
MARC
| LEADER | 00000nam a2200000 4500 | ||
|---|---|---|---|
| 001 | c000633 | ||
| 005 | 20221215121109.5 | ||
| 020 | |a 80-85300-47-8 | ||
| 041 | 0 | |a cze | |
| 044 | |a CZ | ||
| 245 | 1 | 0 | |a Zákon o úpravě vlastnických vztahů k půdě a jinému zemědělskému majetku |b S komentářem |
| 250 | |a 1. vyd. | ||
| 264 | 1 | |a Ostrava |b Montanex |c [1990] | |
| 300 | |a 20 s. |e príl. | ||
| 610 | 2 | 0 | |a zákonodarstvo |
| 610 | 2 | 0 | |a právo |
| 610 | 2 | 0 | |a poľnohospodárstvo |
| 610 | 2 | 0 | |a vlastníctvo súkromné |
| 610 | 2 | 0 | |a pôda |
| 610 | 2 | 0 | |a prostriedky základné |
| 610 | 2 | 0 | |a vlastníctvo pozemkové |
| 610 | 2 | 0 | |a vlastníctvo |